00422nam a2200169Ia 450000500170000000800410001702000130005804000190007104100120009008200160010210000230011824500320014126000380017330000100021165000210022185000100024220240902113544.0131103s9999 xx 000 0 und d cRs.30.00 aLoreto College aEnglish a891.43bYAD aYadav, Ram Narayan aHindi sudhab For class VI  aNorth 24 ParganusbR.K. Prakashan a70p.  aHindi Literature aLCBED